Repercusiones en América Latina de los cambios en Europa. Parte 2: Relaciones Centro América-Europa /
Gespeichert in:
| 1. Verfasser: | |
|---|---|
| Körperschaften: | , |
| Weitere Verfasser: | |
| Format: | Text |
| Veröffentlicht: |
Heredia:
UNA
|
| Tags: |
Tag hinzufügen
Keine Tags, Fügen Sie den ersten Tag hinzu!
|
MARC
| LEADER | 00000 a a2200000 04500 | ||
|---|---|---|---|
| 001 | 25935 | ||
| 003 | |||
| 040 | |||
| 090 | |a 174407 | ||
| 100 | |a Ríos Barboza, Mayrand | ||
| 110 | |a Universidad Nacional. Escuela de Relaciones Internacionales | ||
| 245 | |a Repercusiones en América Latina de los cambios en Europa. Parte 2: Relaciones Centro América-Europa / |c Universidad Nacional. Escuela de Relaciones Internacionales | ||
| 260 | |a Heredia: |b UNA | ||
| 300 | |a 192 p. |b **no definido** |b fonodiscos | ||
| 700 | |a ed. | ||
| 710 | |a OEA | ||
| 999 | |c 6108 |d 6108 | ||
